Medium Term Expenditure Framework (MTEF) For 2016-2018. Programme Based Budget Estimates for 2016 Ministry of Transport (Record no. 1395)
[ view plain ]
| 000 -LEADER | |
|---|---|
| fixed length control field | 00507nam a2200157Ia 4500 |
| 008 - FIXED-LENGTH DATA ELEMENTS--GENERAL INFORMATION | |
| fixed length control field | 240428s9999||||xx |||||||||||||| ||und|| |
| 041 ## - LANGUAGE CODE | |
| Language code of text/sound track or separate title | eng |
| 082 ## - DEWEY DECIMAL CLASSIFICATION NUMBER | |
| Classification number | MTEF/MOT/16 |
| 100 ## - MAIN ENTRY--PERSONAL NAME | |
| Personal name | Ministry of Finance |
| 245 #0 - TITLE STATEMENT | |
| Title | Medium Term Expenditure Framework (MTEF) For 2016-2018. Programme Based Budget Estimates for 2016 Ministry of Transport |
| 260 ## - PUBLICATION, DISTRIBUTION, ETC. | |
| Name of publisher, distributor, etc. | Ministry of Finance |
| Place of publication, distribution, etc. | Accra |
| Date of publication, distribution, etc. | 2016 |
| 300 ## - PHYSICAL DESCRIPTION | |
| Extent | iii, 64p; tabs. |
| 650 ## - SUBJECT ADDED ENTRY--TOPICAL TERM | |
| Topical term or geographic name entry element | Ministry of Transport 2016 Budget Estimates |
| 942 ## - ADDED ENTRY ELEMENTS (KOHA) | |
| Koha item type | E-resources & Electronic Documnets |
| Withdrawn status | Lost status | Damaged status | Not for loan | Home library | Current library | Shelving location | Date acquired | Total checkouts | Full call number | Date last seen | Copy number | Price effective from | Koha item type |
|---|---|---|---|---|---|---|---|---|---|---|---|---|---|
| Main Library | Main Library | Open Shelves | 06/07/2022 | MTEF/MOT/16 1420 - MTEF/MOT/16 | 29/04/2024 | 1 | 29/04/2024 | E-resources & Electronic Documnets |